=LDR 00000nam 2200000 4500 =001 INLIS000000000035035 =005 20130612140924 =008 ***********************************Ind** =035 ##$$0010-061300000035035 =041 ##$$a Ind =082 ##$$a 621.388 57 =090 ##$$a 621.388 57, Yur m =100 ##$$a Yuri =245 ##$$a Membuat teknik transmisi sinyal audio vidio (telavision calbe set), Francis D.Yuri =260 ##$$a 1994 $b Solo =300 ##$$a 56 hm., ilus., 21 cm =650 ##$$a Televisi-Audio Vidio =850 ##$$a NBPNMAT